000 00426cam a22001814a 4500
005 20250605163605.0
008 250528s ||||||||||||||||||||||||d
035 _a22321
020 _a9781556155765
040 _aGR-AtMCL
_bgre
_dGR-AtMCL
_eAACR2
245 1 _aWORD 6 STEP BY STEP
250 _a1
260 _bMicrosoft
_bMicrosoftpress,
_c1994
300 _a294
942 _cBK
999 _c7375
_d7375